000 00386nam a2200157Ia 4500
008 230917s9999||||xx |||||||||||||| ||und||
040 _e178030
_aMAIN
041 _aEnglish
082 _a342 T139L(6)
100 _aTakwani, C. K
245 0 _aLectures on administrative law
250 _a6th ed.
260 _aDelhi
_bEastern Book Co
_c2008
300 _alxxx, 552 p.
942 _cBK
999 _c156843
_d156843